Globalization and business / (Record no. 7179)
[ view plain ]
| 000 -LEADER | |
|---|---|
| fixed length control field | 01080nac a22002771u 4500 |
| 010 ## - LIBRARY OF CONGRESS CONTROL NUMBER | |
| LC control number | 2001036539 |
| 020 ## - INTERNATIONAL STANDARD BOOK NUMBER | |
| International Standard Book Number | 0130620300 (pbk.) |
| 082 00 - DEWEY DECIMAL CLASSIFICATION NUMBER | |
| Classification number | 658.18 |
| Item number | DAN |
| 090 ## - LOCALLY ASSIGNED LC-TYPE CALL NUMBER (OCLC); LOCAL CALL NUMBER (OCLC) | |
| -- | 7179 |
| -- | 7179 |
| 100 ## - MAIN ENTRY--PERSONAL NAME | |
| Personal name | Daniels, John D. |
| 245 10 - TITLE STATEMENT | |
| Title | Globalization and business / |
| Statement of responsibility, etc | John D. Daniels, Lee H. Radebaugh, Daniel P. Sullivan. |
| 260 ## - PUBLICATION, DISTRIBUTION, ETC. (IMPRINT) | |
| Place of publication, distribution, etc | Upper Saddle River, N.J. : |
| Name of publisher, distributor, etc | Prentice Hall,2002 |
| Date of publication, distribution, etc | c2002. |
| 300 ## - PHYSICAL DESCRIPTION | |
| Extent | xiii, 399 p. : |
| Other physical details | ill. (some col.), maps ; |
| Dimensions | 24 cm. |
| 500 ## - GENERAL NOTE | |
| General note | Based on: International business. 9th ed. c2001. |
| 500 ## - GENERAL NOTE | |
| General note | distributer: Al-Ahram |
| 504 ## - BIBLIOGRAPHY, ETC. NOTE | |
| Bibliography, etc | Includes bibliographical references and indexes. |
| 511 ## - PARTICIPANT OR PERFORMER NOTE | |
| Participant or performer note | catalogued by: wessam |
| 650 #0 - SUBJECT ADDED ENTRY--TOPICAL TERM | |
| Topical term or geographic name as entry element | International business enterprises. |
| 650 #0 - SUBJECT ADDED ENTRY--TOPICAL TERM | |
| Topical term or geographic name as entry element | International business enterprises |
| General subdivision | Management. |
| 650 #0 - SUBJECT ADDED ENTRY--TOPICAL TERM | |
| Topical term or geographic name as entry element | Globalization. |
| 700 1# - ADDED ENTRY--PERSONAL NAME | |
| Personal name | Radebaugh, Lee H. |
| 700 1# - ADDED ENTRY--PERSONAL NAME | |
| Personal name | Sullivan, Daniel P. |
| 700 1# - ADDED ENTRY--PERSONAL NAME | |
| Personal name | Daniels, John D. |
| 942 ## - ADDED ENTRY ELEMENTS (KOHA) | |
| Item type | Book - Borrowing |
| Call number prefix | 658.18DAN |
| Withdrawn status | Item status | Damaged status | Not for loan | Home library | Current library | Shelving location | Date acquired | Source of acquisition | Total Checkouts | Total Renewals | Full call number | Barcode | Date last seen | Date last borrowed | Koha item type |
|---|---|---|---|---|---|---|---|---|---|---|---|---|---|---|---|
| Central Library | Central Library | First floor | 08/01/2014 | Purchase | 4 | 2 | 658.18DAN | 000008280 | 15/07/2025 | 19/03/2012 | Book - Borrowing |